Rozpoznaj kraj po wskazówkach #1 - Statystyki

Ogólne statystyki
  • Ten quiz został rozwiązany 735 razy
  • Średni wynik to 11 z 15
Statystyki odpowiedzi
Lp Kontynent Sąsiad Drugie największe miasto Odpowiedź % Poprawnych
3 Europa Francja Antwerpia Belgia
92%
1 Europa Słowenia Graz Austria
91%
11 Ameryka Płd Kolumbia Rio de Janeiro Brazylia
89%
5 Azja Pakistan New Delhi Indie
89%
15 Ameryka Płn USA Montreal Kanada
86%
8 Afryka Libia Aleksandria Egipt
79%
2 Europa Brak Brak Malta
78%
4 Azja Chiny Hanoi Wietnam
77%
10 Ameryka Płd Argentyna Salto Urugwaj
71%
9 Afryka Algieria Fez Maroko
68%
6 Azja Turcja Batumi Gruzja
66%
12 Ameryka Płd Brazylia El Alto Boliwia
59%
13 Australia i Oceania Brak Suva Fidżi
38%
7 Afryka Niger Sikasso Mali
38%
14 Australia i Oceania Brak Manukau Nowa Zelandia
37%
Nie znaleziono quizów pasujących do podanych kryteriów
Rozkład punktacji
Procent ludzi z każdym wynikiem
Percentyl według liczby udzielonych odpowiedzi
Twoja historia wyników
Nie rozwiązałeś tego quizu